00924nam a2200205 a 450000100100000000500170001000800410002702000150006804000250008308200130010810000290012124501280015026000990027830000210037749000780039870000290047683000850050595201110059099900170070100004197620201002035849.0131028s1986 sp 001 0 spa d a8400061594 aDO-SdBNPbspacBNPHU axxxbxxx1 aMarrero, Victoria96891410aRepertorio Léxico :bobtenido de las encuestas léxicas del habla culta de Madrid /cVictoria Marrero, M. José Quilis. aMadrid, :bConsejo Superior de Investigaciones CientíficasbInstituto de Filología,c1986. a396 p. ;c23 cm.1 aLa norma linguística culta de la lengua española hablada en Madridv61 aQuilis, M. José968915 0aLa norma linguística culta de la lengua española hablada en Madridv6963890 001050718MOaGRbGRcCTd2013-10-28iLF1l0oxxx xxxp41976-10r2020-06-25w2020-06-25y1ZNo se presta c41465d41465